[Event "Enschede op-B U16"]
[Site "Enschede"]
[Date "2009.08.04"]
[Round "2"]
[White "Wissink, Thomas"]
[Black "Van der Hoeven, Gerben"]
[Result "0-1"]
[WhiteElo "1324"]
[BlackElo "1701"]
[PlyCount "34"]
[EventDate "2009.08.03"]
[EventType "swiss"]
[EventRounds "9"]
[EventCountry "NED"]
[SourceTitle "CBM 132 Extra"]
[Source "ChessBase"]
[SourceDate "2009.11.03"]
[SourceVersion "1"]
[SourceVersionDate "2009.11.03"]
[SourceQuality "1"]

1. e4 c5 2. Nc3 Nc6 3. f4 e6 4. Nf3 d5 5. d3 a6 6. Ne2 dxe4 7. dxe4 Qxd1+ 8. Kxd1 b5 9. Be3 Nf6 10. Ng3 Bb7 11. Ng5 Rd8+ 12. Bd2 c4 13. c3 Bc5 14. Kc2 Ne7 15. e5 Nfd5 16. Be2 Nxf4 17. Nxf7 Nxe2 0-1